UM Logo
Normal view MARC view
  • Ricchiute, David N.

Entry Personal Name

Number of records used in: 1

001 - CONTROL NUMBER

  • control field: 12499

003 - CONTROL NUMBER IDENTIFIER

  • control field: OSt

005 - DATE AND TIME OF LATEST TRANSACTION

  • control field: 20160808113809.0

008 - FIXED-LENGTH DATA ELEMENTS

  • fixed length control field: 160808|| aca||aabn | a|a d

040 ## - CATALOGING SOURCE

  • Original cataloging agency: OSt

100 ## - HEADING--PERSONAL NAME

  • Personal name: Ricchiute, David N.